000 00510nam a2200181Ia 4500
008 090124s9999 xx 000 0 und d
082 _b120994
100 _aभागवत विद्याधर
245 _a प्रस्थान
250 _a1
260 _c1984
300 _a238
600 _aभागवत विद्याधर
630 _a प्रस्थान
700 _aभागवत विद्याधर
730 _a प्रस्थान
942 _cBOOK
999 _c167080
_d167080